Catecismo filosófico, o sea observaciones en defensa de la religión católica contra sus enemigos : [tomo primero] /

I tiakina i:
Ngā taipitopito rārangi puna kōrero
Kaituhi matua: Feller, Francis Xavier (autor)
Hōputu: Pukapuka
Reo:Pāniora
Rangatū:(Biblioteca de Religión. Obras Contra la Incredulidad y Errores de Estos Ultimos Tiempos ; 3)
Ngā marau:
Ngā Tūtohu: Tāpirihia he Tūtohu
Kāore He Tūtohu, Me noho koe te mea tuatahi ki te tūtohu i tēnei pūkete!

MARC

LEADER 00000nam^a2200000^a^4500
001 000380529
005 20250526000000.0
009 20260310120609.77
037 |a Acervo Xavier Clavigero 
041 |a ESP 
082 |a 239.  |b BIB V. 3 
100 |a Feller, Francis Xavier  |e (autor) 
240 1 1 |a [Catecismo filosófico] 
245 1 0 |a Catecismo filosófico, o sea observaciones en defensa de la religión católica contra sus enemigos :  |b [tomo primero] /  |c F.X. Feller. 
264 |a París, Francia :  |b Librería de A. Bouret y Morel,  |c 1846 
300 |a 538 p. ;  |c 17.5 cm. 
336 |a texto  |b txt  |2 rdacontenido 
337 |a sin mediación  |b n  |2 rdamedio 
338 |a volumen  |b nc  |2 rdasoporte 
440 1 |a (Biblioteca de Religión.  |p Obras Contra la Incredulidad y Errores de Estos Ultimos Tiempos ;  |v 3) 
501 |a Encuadernación particular 
561 |a Ex libris de Biblioteca Residencia S.J. Guadalajara 
562 |a Falta cubierta 
649 |a XX 
650 |a Dios -  |x Existencia 
650 |a Biblia -  |x Historia y Crítica 
650 |a Revelación 
650 |a Alma y Cuerpo 
650 |a Bien y Mal 
650 |a Milagros 
650 |a Fe 
650 |a Ateísmo 
650 |a Apologética -  |x Tema Principal 
650 |a Catolicismo 
650 |a Cristianismo 
650 |a Religión 
910 |a Fondo General 
920 |a Impresos - Libros 
930 |a Libros Antiguos y Raros 
905 |a 108 
901 |a 0500275599  |b IT2  |c LRA  |u 20250526 
902 |a https://opac.biblio.iteso.mx/vufind/Record/000380529